Who owns Scotland? Anatomy of a landownership website (Record no. 117401)
[ view plain ]
| 000 -LEADER | |
|---|---|
| fixed length control field | 00907cam a2200241 4500 |
| 001 - CONTROL NUMBER | |
| control field | ABS67853 |
| 008 - FIXED-LENGTH DATA ELEMENTS--GENERAL INFORMATION | |
| fixed length control field | 040525n2004 000 0 eng u |
| 035 ## - SYSTEM CONTROL NUMBER | |
| System control number | (Sirsi) u126292 |
| 100 ## - MAIN ENTRY--PERSONAL NAME | |
| Personal name | Wightman, A. |
| 245 ## - TITLE STATEMENT | |
| Title | Who owns Scotland? Anatomy of a landownership website |
| 260 ## - PUBLICATION, DISTRIBUTION, ETC. | |
| Date of publication, distribution, etc. | 2004 |
| 490 ## - SERIES STATEMENT | |
| Series statement | Geo Informatics |
| Volume/sequential designation | 7(3) April/May 2004, 26-29(3) |
| 520 ## - SUMMARY, ETC. | |
| Summary, etc. | Describes the background and development of a website that is being developed which documents who owns land in Scotland. The rational for the project and some of the technical challenges faced in constructing a low-cost, yet accessible, map-based web resource are discussed and outlined. [Taken from journal abstract.] |
| 590 ## - LOCAL NOTE (RLIN) | |
| Local note | ABS |
| 590 ## - LOCAL NOTE (RLIN) | |
| Local note | ABS |
| 650 ## - SUBJECT ADDED ENTRY--TOPICAL TERM | |
| Topical term or geographic name entry element | LANDOWNERSHIP |
| 650 ## - SUBJECT ADDED ENTRY--TOPICAL TERM | |
| Topical term or geographic name entry element | SCOTLAND |
| 650 ## - SUBJECT ADDED ENTRY--TOPICAL TERM | |
| Topical term or geographic name entry element | WEBSITES |
| 650 ## - SUBJECT ADDED ENTRY--TOPICAL TERM | |
| Topical term or geographic name entry element | LAND TENURE |
| 650 ## - SUBJECT ADDED ENTRY--TOPICAL TERM | |
| Topical term or geographic name entry element | GIS |
| 690 ## - LOCAL SUBJECT ADDED ENTRY--TOPICAL TERM (OCLC, RLIN) | |
| Topical term or geographic name as entry element | MAPPING AND MEASUREMENT |
| 942 ## - ADDED ENTRY ELEMENTS (KOHA) | |
| Suppress in OPAC | 0 |
| Withdrawn status | Lost status | Source of classification or shelving scheme | Damaged status | Not for loan | Home library | Current library | Shelving location | Date acquired | Total Checkouts | Full call number | Barcode | Date last seen | Copy number | Price effective from | Koha item type |
|---|---|---|---|---|---|---|---|---|---|---|---|---|---|---|---|
| Dewey Decimal Classification | London | London | Journal article | 25/05/2004 | ABS67853 | 126292-1001 | 06/08/2019 | 1 | 06/08/2019 | Journal article |